Principál z Tepličky

Bibliographic Details
Main Author: Sopúšek, E. A. (Author)
Format: Article
Language:Slovak
Subjects:

MARC

LEADER 00000nab a2200000 a 4500
001 vtls000086259
003 SK-MaSNL
005 20260303031629.0
008 111103c1981 xo 0 slo
015 |a SNBRB19rr/mm-uuuuu 
035 |a CL0096362 
040 |a SNKBUCL  |b slo  |c SNKBUCL  |e AACR2 
041 0 |a slo 
044 |a xo  |c SK 
080 |a 792.071  |2 1981 
080 |a 792.9  |2 1981 
100 1 |a Sopúšek, E. A.  |4 aut  |9 924463 
245 1 0 |a Principál z Tepličky  |c E. A. Sopúšek 
650 0 7 |a Strážan, Ján  |2 snkbucl  |9 1013907 
655 7 |a články z novín a časopisov  |2 snkbucl  |9 267496 
773 0 |t Smer  |g Roč. 33, č. 119 (22. 5. 1981), s. 12 
850 |a Slovenská národná knižnica v Martine  |a MTA001 
852 |a SNK  |b KIS3GCP 
958 |a RK 
992 |a RBX 
999 |c 1659210  |d 1661140